01357 a2200145 4500020001800000082002000018100001800038100002000056100002400076245005800100260003400158300001500192520095900207650004501166 a9780199654406 aRR 630.3bMAN-O aManley, Will  aFoot, Katharine aDavis, Andrew Davis aOxford dictionary of agriculture and land management  bOxford University Pressc2019 avii, 446p. aThis brand new Dictionary of Agriculture and Land Management addresses the increasing overlap between agricultural sectors and the demands of the management of rural land and property. It covers the main areas of agricultural management, husbandry, environment, estate management, rural recreation, woodland and forestry, as well as general terms such as organizations, policies, and legislation. In over 2,000 clear and concise A to Z entries, it offers authoritative and up-to-date information, and the content is enhanced by entry-level web links that are listed on a dedicated companion website. Useful tables and line drawings complement the entries, and make this volume an excellent point of reference for anyone who needs a guide to agricultural terminology. The most up-to-date dictionary of its kind, it is a must-have for students of agriculture and land management, as well as for professionals in the agricultural and land-management sectors aAgriculturevLand ManagementvDictionary